000 00316nam a22001217a 4500
999 _c9607
_d9607
003 OSt
008 201210b ||||| |||| 00| 0 eng d
245 _aSeminar
250 _a2006(Dec) 2008(Jan) 2007(Jan, Feb, Mar)
260 _aNew Delhi
_bAFL Pvt. Ltd. (Malvika Singh)
650 _aApplied Science
942 _2ddc
_cBV